00493nam a2200145Ia 4500008004100000041000800041082001700049100001900066245004100085260005600126300001400182365001100196999001700207952012300224240624s9999 xx 000 0 und d aeng a658.3124 BAL aBALACHANDRAN S aHOW TO IMPROVE TRAINER EFFECTIVENESS c2008aMumbaibShroff Publishers & Distributors Pvt. aLtd.,2008 cRSb25 c19072d19072 00104070aIMTNbIMTNcRack 26-Ad2012-05-16eAPg200.00o658.3124 BALp19072r2024-06-24 00:00:00t1w2024-06-24yBK